000 00633nab a2200181 4500
001 244442
003 OSt
005 20230616061917.0
007 tu
008 200917s2020|||||||
040 _aDE-2950
_cDE-2950
245 0 0 _aPlätze zum Stillen und Wickeln.
_bFamilien. In Frankfurt gab es bislang kaum öffentlich zugängliche Möglichkeiten, Babys und Kleinkinder zu versorgen. Eine Initiative der Stadt soll das ändern /
_cInes Weber-Rath
264 _c2023
653 _aFrankfurt (Oder)
653 _aFamilien
773 0 _g34. Jahrgang (2023) Nr. 132 vom 09.06.2023, S. 16: mit Foto
_tMärkische Oderzeitung
942 _2z
_cA
999 _c372542
_d372542